[Event "Titled Tuesday intern op 05th Oct"]
[Site "Chess.com INT"]
[Date "2021.10.05"]
[Round "10"]
[White "Alvarez Calzadilla, Jose Avelino"]
[Black "Garcia Garcia, Alejandro"]
[Result "1-0"]
[WhiteElo "2287"]
[BlackElo "2247"]
[PlyCount "53"]
[EventDate "2021.10.05"]
[EventType "swiss (blitz)"]
[EventRounds "11"]
[EventCountry "USA"]
[SourceTitle "CBM 204 Extra"]
[Source "ChessBase"]
[SourceDate "2021.11.30"]
[SourceVersion "1"]
[SourceVersionDate "2021.11.30"]
[SourceQuality "1"]

1. d4 Nf6 2. Nf3 g6 3. g3 Bg7 4. Bg2 0-0 5. 0-0 d6 6. b3 Nbd7 7. Bb2 e5 8. dxe5 Ng4 9. c4 Ndxe5 10. Nc3 Re8 11. Qd2 h5 12. Rac1 Nxf3+ 13. exf3 Nf6 14. f4 h4 15. Nd5 h3 16. Bf3 Nxd5 17. Bxg7 Kxg7 18. cxd5 Kg8 19. Qc3 Re7 20. Qf6 Bf5 21. Qd4 Qe8 22. g4 Be4 23. Rc3 a5 24. Qf6 Bxf3 25. Rxf3 Qd7 26. f5 Re4 27. Rxh3 1-0

[Event "Titled Tuesday intern op 05th Oct"]
[Site "Chess.com INT"]
[Date "2021.10.05"]
[Round "1"]
[White "Alvarez Calzadilla, Jose Avelino"]
[Black "Kopacz, Grzegorz"]
[Result "1-0"]
[WhiteElo "2287"]
[BlackElo "2098"]
[PlyCount "63"]
[EventDate "2021.10.05"]
[EventType "swiss (blitz)"]
[EventRounds "11"]
[EventCountry "USA"]
[SourceTitle "CBM 204 Extra"]
[Source "ChessBase"]
[SourceDate "2021.11.30"]
[SourceVersion "1"]
[SourceVersionDate "2021.11.30"]
[SourceQuality "1"]

1. d4 Nf6 2. c4 c5 3. e3 g6 4. Nf3 Bg7 5. Nc3 cxd4 6. exd4 d5 7. cxd5 Nxd5 8. Bc4 Nxc3 9. bxc3 0-0 10. 0-0 Nc6 11. Re1 e5 12. Ba3 Re8 13. Qb3 Be6 14. d5 Na5 15. dxe6 Nxb3 16. exf7+ Kh8 17. fxe8Q+ Qxe8 18. axb3 b5 19. Bd5 Rc8 20. c4 bxc4 21. bxc4 e4 22. Rab1 Qa4 23. Ng5 Bc3 24. Bb2 Bxb2 25. Rxb2 Qa5 26. Rbe2 h6 27. Nxe4 Re8 28. h4 Kg7 29. h5 g5 30. Re3 Qb4 31. Ra1 a5 32. Rea3 1-0

[Event "Titled Tuesday intern op 05th Oct"]
[Site "Chess.com INT"]
[Date "2021.10.05"]
[Round "2"]
[White "Fier, Alexandr"]
[Black "Alvarez Calzadilla, Jose Avelino"]
[Result "1-0"]
[WhiteElo "2563"]
[BlackElo "2287"]
[PlyCount "71"]
[EventDate "2021.10.05"]
[EventType "swiss (blitz)"]
[EventRounds "11"]
[EventCountry "USA"]
[SourceTitle "CBM 204 Extra"]
[Source "ChessBase"]
[SourceDate "2021.11.30"]
[SourceVersion "1"]
[SourceVersionDate "2021.11.30"]
[SourceQuality "1"]

1. d4 Nf6 2. Bg5 g6 3. Bxf6 exf6 4. e3 d5 5. c4 dxc4 6. Bxc4 Bd6 7. Nc3 c6 8. h4 h5 9. Nge2 Nd7 10. g3 f5 11. Nf4 Nf6 12. Qb3 Qe7 13. 0-0-0 b5 14. Be2 Bxf4 15. gxf4 Be6 16. Qc2 0-0 17. Bf3 b4 18. Na4 Bd5 19. Bxd5 cxd5 20. Kb1 Rfc8 21. Nc5 Ne4 22. Rc1 Nxc5 23. dxc5 a5 24. Rhd1 a4 25. Rxd5 b3 26. Qc4 a3 27. axb3 Rcb8 28. Rd6 axb2 29. Kxb2 Qa7 30. Rxg6+ Kf8 31. Rd6 Qa2+ 32. Kc3 Ra3 33. Kd4 Qd2+ 34. Ke5 Re8+ 35. Kf6 Ra7 36. Rxd2 1-0

[Event "Titled Tuesday intern op 05th Oct"]
[Site "Chess.com INT"]
[Date "2021.10.05"]
[Round "11"]
[White "Salinas Herrera, Pablo Patricio"]
[Black "Alvarez Calzadilla, Jose Avelino"]
[Result "1-0"]
[WhiteElo "2513"]
[BlackElo "2287"]
[PlyCount "67"]
[EventDate "2021.10.05"]
[EventType "swiss (blitz)"]
[EventRounds "11"]
[EventCountry "USA"]
[SourceTitle "CBM 204 Extra"]
[Source "ChessBase"]
[SourceDate "2021.11.30"]
[SourceVersion "1"]
[SourceVersionDate "2021.11.30"]
[SourceQuality "1"]

1. d4 Nf6 2. Nf3 g6 3. Bf4 Bg7 4. e3 0-0 5. h3 d5 6. Nbd2 c5 7. dxc5 Nc6 8. a3 a5 9. c3 Nd7 10. Bb5 Nxc5 11. 0-0 e5 12. Bh2 e4 13. Nd4 Ne5 14. b4 Ncd3 15. Qb3 Qg5 16. Kh1 Rd8 17. f4 exf3 18. N2xf3 Nxf3 19. Nxf3 Qxe3 20. Bg1 Qe4 21. Ng5 Qe2 22. Nxf7 Rf8 23. Qxd5 Be6 24. Qxd3 Qxd3 25. Bxd3 axb4 26. Ng5 Rxf1 27. Rxf1 bxa3 28. Nxe6 a2 29. Nxg7 a1Q 30. Rxa1 Rxa1 31. Ne6 Rc1 32. c4 Rc3 33. Be2 Re3 34. Bxe3 1-0

[Event "Online Olym Div Top-D"]
[Site "Chess.com INT"]
[Date "2021.09.10"]
[Round "9.3"]
[White "Labussiere, Victor"]
[Black "Alvarez Calzadilla, Jose Avelino"]
[Result "0-1"]
[WhiteElo "2291"]
[BlackElo "2287"]
[PlyCount "102"]
[EventDate "2021.09.08"]
[EventType "team (rapid)"]
[EventRounds "9"]
[EventCountry "USA"]
[SourceTitle "CBM 204 Extra"]
[Source "ChessBase"]
[SourceDate "2021.11.30"]
[SourceVersion "1"]
[SourceVersionDate "2021.11.30"]
[SourceQuality "1"]
[WhiteTeam "Brazil"]
[BlackTeam "Cuba"]
[WhiteTeamCountry "BRA"]
[BlackTeamCountry "CUB"]

1. Nf3 c5 2. c4 g6 3. d4 cxd4 4. Nxd4 Nc6 5. e4 Nf6 6. Nc3 Nxd4 7. Qxd4 d6 8. Be2 Bg7 9. Bd2 0-0 10. Qe3 Be6 11. Rc1 a6 12. b3 Qb8 13. a4 Nd7 14. 0-0 Nc5 15. Nd5 Bxd5 16. exd5 a5 17. Rce1 Qc7 18. f4 Qb6 19. Rb1 e6 20. dxe6 Rae8 21. Qf2 Rxe6 22. Bf3 Rfe8 23. Kh1 Qc7 24. Qh4 Ne4 25. Bxe4 Rxe4 26. Rbe1 Qb6 27. Rxe4 Rxe4 28. Qh3 f5 29. Qd3 Qc5 30. Re1 Qf2 31. Rf1 Rd4 32. Rxf2 Rxd3 33. g3 b6 34. b4 Bc3 35. Bxc3 Rxc3 36. bxa5 bxa5 37. Rd2 Rxc4 38. Rxd6 Rxa4 39. Rd7 Ra2 40. Kg1 a4 41. Ra7 h5 42. h3 Kf8 43. Ra6 Kf7 44. Kh1 a3 45. Kg1 Ke7 46. Kf1 Kd7 47. Ke1 Kc7 48. Kd1 Kb7 49. Ra4 Kb6 50. Kc1 Kb5 51. Ra8 Kb4 0-1